Представление документа в формате RUSMARC

ПолеНазваниеЗначение
  Тип записи a
  Библиографический уровень a
001 Контрольный номер RU/CBS_Ul/BASE/512640417
005 Дата корректировки 20240209175158.6
100 Данные общей обработки __
a Данные общей обработки 20160330d2016 ||| 0rusy0189 ca
101 Язык документа 0_
a Язык текста rus
102 Страна публикации __
a Страна публикации RU
105 Кодированные данные (монография) __
a Кодированные данные (монография) y###||||000|y
200 Заглавие и сведения об ответственности 1_
a Заглавие Радужная сказка
b Общее обозначение материала Текст
e Сведения, относящиеся к заглавию [театрализованное представление для детей ст. дошк. и мл. шк. возраста]
f Первые сведения об ответственности Н. Сметанина
300 Общие примечания __
a Общие примечания Ограничения по возрасту - 12+
461 Уровень набора _0
1 2000
a Чем развлечь гостей
463 Уровень физической единицы _0
1 001RU/CBS_Ul/BASE/512579028
1 2000
a № 3
v С. 24-38
1 210
d 2016
606 Тематические рубрики 0_
a Основная рубрика Праздники школьные - Сценарии
610 Ключевые слова 0_
a Ключевые слова игровая программа
a Ключевые слова младший школьный возраст
a Ключевые слова сценарии
686 Индексы других классификаций __
a Классификационный индекс 85.34
2 Код системы ББК
700 Автор _1
a Фамилия Сметанина
b Имя (инициалы) Н.
801 Источник записи _0
a Страна RU
b Организация МБУК ЦБС г. Ульяновска
c Дата составления 20160330
g Правила каталогизации RCR
801 Источник записи _1
a Страна RU
b Организация МБУК ЦБС г. Ульяновска
c Дата составления 20160330
g Правила каталогизации RCR
901 Тип документа __
t Тип документа b
w Контрольный № источника RU/CBS_Ul/BASE/512579028
910 Корректоры записи __
a Корректор записи Библиотека 28
938 Служебная информация __
a Имя БД period